| Tag |
First Indicator |
Second Indicator |
Subfields |
| LEADER |
00000cam a2200000Ii 4500 |
| 001 |
in00004439733 |
| 005 |
20211018102254.0 |
| 008 |
201116t20202020nyu 000 p eng d |
| 020 |
|
|
|a 9780063087330
|q (hardcover)
|
| 020 |
|
|
|a 0063087332
|q (hardcover)
|
| 035 |
|
|
|a (OCoLC)on1225964327
|
| 040 |
|
|
|a WLM
|e rda
|c WLM
|d TDS
|d PTS
|d TXA
|d UtOrBLW
|
| 043 |
|
|
|a n-us---
|
| 049 |
|
|
|a TXAM
|
| 082 |
0 |
|
|a 811/.6
|2 23
|
| 090 |
|
|
|a PS3602.A369
|b A6 2020
|
| 100 |
1 |
|
|a Baer, Kate,
|e author.
|0 http://id.loc.gov/authorities/names/no2021001376
|
| 240 |
1 |
0 |
|a Poems.
|k Selections
|
| 245 |
1 |
0 |
|a What kind of woman :
|b poems /
|c Kate Baer.
|
| 250 |
|
|
|a First edition.
|
| 264 |
|
1 |
|a New York :
|b Harper, an imprint of HarperCollins Publishers,
|c [2020]
|
| 264 |
|
4 |
|c ©2020
|
| 300 |
|
|
|a 93 pages ;
|c 24 cm.
|
| 336 |
|
|
|a text
|b txt
|2 rdacontent
|
| 337 |
|
|
|a unmediated
|b n
|2 rdamedia
|
| 338 |
|
|
|a volume
|b nc
|2 rdacarrier
|
| 520 |
|
|
|a Through poems that are as unforgettably beautiful as they are accessible, Kate Bear proves herself to truly be an exemplary voice in modern poetry. Her words make women feel seen in their own bodies, in their own marriages, and in their own lives. Her poems are those you share with your mother, your daughter, your sister and your friends.
|
| 541 |
|
|
|a Poetry browsing collection : gift of Eleanor Weinbaum family.
|
| 650 |
|
0 |
|a Women
|z United States
|v Poetry.
|
| 650 |
|
0 |
|a Self-actualization (Psychology)
|v Poetry.
|
| 650 |
|
0 |
|a American poetry.
|0 http://id.loc.gov/authorities/subjects/sh85004382
|
| 948 |
|
|
|a cataloged
|b h
|c 2021/8/20
|d c
|e dmitchel
|f 1:10:20 PM
|
| 994 |
|
|
|a C0
|b TXA
|
| 999 |
f |
f |
|s bea0cefb-0af5-3b20-b269-08080f87684a
|i e25b4b0b-40d7-3868-b39c-fe9aaae5693c
|t 0
|
| 952 |
f |
f |
|p normal
|a Texas A&M University
|b College Station
|c Sterling C. Evans Library
|s Evans wein
|d Evans: Weinbaum Poetry Collection (1st floor)
|t 0
|e PS3602.A369 A6 2020
|h Library of Congress classification
|i unmediated -- volume
|m A14851230285
|
| 998 |
f |
f |
|a PS3602.A369 A6 2020
|t 0
|l Evans: Weinbaum Poetry Collection (1st floor)
|